Fnaf Quiz - Statystyki

Ogólne statystyki
  • Ten quiz został rozwiązany 402 razy
  • Średni wynik to 8 z 15
Statystyki odpowiedzi
Hint Odpowiedź % Poprawnych
golden freddy
87%
main character fnaf freddy
87%
funtime freddy helper bon bon
77%
balloon boy
74%
girl bon bon bonnet
73%
fox- foxy
70%
what year is fnaf 2 1987
65%
girl balloon boy jj
65%
killed 5 children afton
56%
animatronic without eyebrows bonnie
54%
mangle's other name is toy foxy
47%
the killer is called in security breach vanny
46%
shadow bonnie shortcut RWQFSFASXC
14%
one of the fox ships foxy and mangle
6%
ucn is Afton nightmare
1%
Nie znaleziono quizów pasujących do podanych kryteriów
Rozkład punktacji
Procent ludzi z każdym wynikiem
Percentyl według liczby udzielonych odpowiedzi
Twoja historia wyników
Nie rozwiązałeś tego quizu